000 00750nam a2200193 i 4500
001 30611
003 ES-MaACL
005 20230906154226.0
007 t|
008 030127s1966 sp a |||| | spa d
100 1 _aBeltrán de Heredia y Onís, José María.
_927362
245 1 3 _aLa cirugía de la estenosis mitral a corazón cerrado /
_cdiscurso leído por José María Beltrán de Heredia y Onís, contestación Pedro Gómez Bosque.
260 _aValladolid :
_bAcademia de Medicina y Cirugía,
_c1966.
300 _a154 p. :
_bil. ;
_c25 cm.
650 4 _aEstenosis mitral.
_9169530
700 1 _aGómez Bosque, Pedro (
_d1920-2008)
_957843
710 0 0 _aReal Academia de Medicina y Cirugía de Valladolid.
_96330
852 _aES-MaACL
_jC-29233
999 _c30611
_d30611